Statistics for One-Syllable Countries Quiz

Click here to take the quiz!

General Stats

  • This quiz has been taken 100,015 times
  • The average score is 4 of 5

Answer Stats

ContinentCountry% Correct
AfricaChad
83%
EuropeSpain
74%
EuropeFrance
73%
AsiaLaos
64%
EuropeGreece
61%

Score Distribution

Percentile by Number Answered

Percent of People with Each Score

Your Score History

You have not taken this quiz